The noble scholar, jurist, historian


 His Excellency Dr. Abdul Wahhab bin Ibrahim Abu Sulaiman, may Allah have mercy on him.


 He was born in Umm Al-Qura in the year 1356 AH.

تفسير الفاتحة وجزء قد سمع . تبارك . عم (Record no. 14461)

MARC details
000 -LEADER
fixed length control field 01296cam a22002651i 4500
003 - CONTROL NUMBER IDENTIFIER
control field SA-RiAUC
005 - DATE AND TIME OF LATEST TRANSACTION
control field 20260306112413.0
008 - FIXED-LENGTH DATA ELEMENTS--GENERAL INFORMATION
fixed length control field 260225s2019 ua g 000 0 ara c
040 ## - CATALOGING SOURCE
Original cataloging agency SA-JeALM
Language of cataloging ara
Transcribing agency SA-RiAUC
Description conventions rda
082 04 - DEWEY DECIMAL CLASSIFICATION NUMBER
Classification number 227.3
Assigning agency SA-RiAUC
090 ## - LOCALLY ASSIGNED LC-TYPE CALL NUMBER (OCLC); LOCAL CALL NUMBER (RLIN)
Classification number (OCLC) (R) ; Classification number, CALL (RLIN) (NR) 227.3
Local cutter number (OCLC) ; Book number/undivided call number, CALL (RLIN) ا ب ن ك
100 1# - MAIN ENTRY--PERSONAL NAME
Personal name ابن كثير، إسماعيل بن عمر بن كثير،
Dates associated with a name 701-774 هجري
Relator term مؤلف.
245 10 - TITLE STATEMENT
Title تفسير الفاتحة وجزء قد سمع . تبارك . عم
Remainder of title مختصرا من تفسير ابن كثير
Statement of responsibility, etc. أبي الفداء إسماعيل بن كثير الدمشقي. اختصره احمد بن عثمان المزيد . خالد بن عبدالرحمن الشايع.
250 ## - EDITION STATEMENT
Edition statement الطبعة الاولى.
264 #1 - PRODUCTION, PUBLICATION, DISTRIBUTION, MANUFACTURE, AND COPYRIGHT NOTICE
Place of production, publication, distribution, manufacture الرياض :
Name of producer, publisher, distributor, manufacturer احمد عثمان المزيد،
-- عبدالعزيز بن فهد بن عبدالعزيز.
Date of production, publication, distribution, manufacture, or copyright notice 2015
300 ## - PHYSICAL DESCRIPTION
Extent 136 صفحة
Dimensions 24 سم.
336 ## - CONTENT TYPE
Content type term نص
Content type code txt
Source rdacontent
Materials specified كتاب
337 ## - MEDIA TYPE
Media type term بدون وسيط
Media type code n
Source rdamedia
630 27 - SUBJECT ADDED ENTRY--UNIFORM TITLE
Uniform title القرآن
General subdivision تفاسير مأثورة
Source of heading or term aucut
700 ## - ADDED ENTRY--PERSONAL NAME
Personal name المزيد، احمد بن عثمان
Relator term مختصر.
700 ## - ADDED ENTRY--PERSONAL NAME
Personal name الشايع، خالد بن عبدالرحمن
Relator term مختصر.
730 22 - ADDED ENTRY--UNIFORM TITLE
Uniform title القرآن
942 ## - ADDED ENTRY ELEMENTS (KOHA)
Source of classification or shelving scheme Dewey Decimal Classification
Koha item type Books
Suppress in OPAC No
949 ## - LOCAL PROCESSING INFORMATION (OCLC)
a SA-JeALM
d 260225
u osman123
n 1
Holdings
Withdrawn status Lost status Source of classification or shelving scheme Damaged status Not for loan Home library Current library Date acquired Total checkouts Full call number Barcode Date last seen Price effective from Koha item type
    Dewey Decimal Classification     DR AbdElwahab Library DR AbdElwahab Library 03/06/2026   227.3 ا ب ن ك 000022909 03/06/2026 03/06/2026 Books